[Event "Abu Dhabi op 25th"]
[Site "Abu Dhabi"]
[Date "2018.08.07"]
[Round "1"]
[White "Akopian, Vladimir Eduardovic"]
[Black "Kigigha, Bomo Lovet"]
[Result "1-0"]
[WhiteElo "2655"]
[BlackElo "2317"]
[PlyCount "125"]
[EventDate "2018.08.07"]
[EventType "swiss"]
[EventRounds "9"]
[EventCountry "UAE"]
[SourceTitle "CBM 185 Extra"]
[Source "ChessBase"]
[SourceDate "2018.07.29"]
[SourceVersion "1"]
[SourceVersionDate "2018.07.29"]
[SourceQuality "1"]

1. e4 e6 2. d4 d5 3. Nc3 Bb4 4. e5 c5 5. Qg4 Ne7 6. dxc5 Nbc6 7. Bd2 0-0 8. Bd3 Ng6 9. f4 f5 10. Qg3 Bxc5 11. a3 Qh4 12. Nf3 Qxg3+ 13. hxg3 a6 14. 0-0-0 Bd7 15. g4 fxg4 16. Ng5 h6 17. Bxg6 hxg5 18. Rh5 Ne7 19. Rxg5 Nxg6 20. Rxg6 Be8 21. Rxe6 Bf7 22. Na4 Bxe6 23. Nxc5 Bc8 24. Be3 b6 25. Na4 b5 26. Nb6 Be6 27. Nxa8 Rxa8 28. g3 Rc8 29. Kd2 Bf5 30. c3 Be4 31. Rf1 a5 32. f5 Rf8 33. f6 gxf6 34. e6 Bf3 35. Bc5 Re8 36. e7 Kf7 37. Ke3 Rh8 38. b4 a4 39. Kd4 Rh2 40. Bd6 Rh8 41. Re1 Be4 42. c4 bxc4 43. b5 Ke6 44. Bc5 Kd7 45. b6 Kc6 46. Rf1 f5 47. Rf2 c3 48. Rh2 Re8 49. Rh6+ Kb7 50. Kxc3 f4 51. gxf4 g3 52. Re6 g2 53. Kb4 Bf5 54. Re5 Bd7 55. Rg5 Rh8 56. Rxg2 Rh3 57. Bd4 Rb3+ 58. Kc5 Rxb6 59. Rb2 Rxb2 60. Bxb2 Be8 61. Kd6 Kc8 62. f5 Bf7 63. f6 1-0

[Event "Monrovia zt 4.4"]
[Site "Monrovia"]
[Date "2017.04.28"]
[Round "8"]
[White "Erhabor, David"]
[Black "Kigigha, Bomo Lovet"]
[Result "0-1"]
[WhiteElo "2081"]
[BlackElo "2339"]
[PlyCount "92"]
[EventDate "2017.04.22"]
[EventType "swiss"]
[EventRounds "9"]
[EventCountry "LBR"]
[SourceTitle "EXT 2018"]
[Source "ChessBase"]
[SourceDate "2017.10.13"]
[SourceVersion "1"]
[SourceVersionDate "2017.10.13"]
[SourceQuality "1"]

1. d4 Nf6 2. Nf3 g6 3. Nc3 d5 4. Bf4 Bg7 5. Qd2 0-0 6. Bh6 c5 7. Bxg7 Kxg7 8. dxc5 Qa5 9. h4 h5 10. 0-0-0 Qxc5 11. e3 Nc6 12. Kb1 Rd8 13. Bb5 Bg4 14. Bxc6 bxc6 15. Qd4 Qxd4 16. exd4 Bxf3 17. gxf3 Nd7 18. Rhe1 e6 19. Na4 Kf6 20. Rd3 e5 21. c3 Kf5 22. Rde3 Re8 23. Kc2 Re6 24. Kd3 Rae8 25. b3 Kf4 26. Nc5 Nxc5+ 27. dxc5 f6 28. b4 g5 29. Rh1 e4+ 30. fxe4 dxe4+ 31. Kc4 g4 32. a4 a6 33. Rd1 Ke5 34. b5 axb5+ 35. axb5 cxb5+ 36. Kxb5 f5 37. Rd4 Kf6 38. c6 f4 39. Re1 f3 40. c7 Rc8 41. Rc4 g3 42. fxg3 f2 43. Rf1 e3 44. Rc6 Ke7 45. Kb6 e2 46. Kb7 Rd8 0-1

[Event "Monrovia zt 4.4"]
[Site "Monrovia"]
[Date "2017.04.23"]
[Round "1"]
[White "Kigigha, Bomo Lovet"]
[Black "Saah, Thomas"]
[Result "1-0"]
[WhiteElo "2339"]
[BlackElo "1779"]
[PlyCount "95"]
[EventDate "2017.04.22"]
[EventType "swiss"]
[EventRounds "9"]
[EventCountry "LBR"]
[SourceTitle "EXT 2018"]
[Source "ChessBase"]
[SourceDate "2017.10.13"]
[SourceVersion "1"]
[SourceVersionDate "2017.10.13"]
[SourceQuality "1"]

1. c4 c5 2. g3 e5 3. Nc3 g6 4. Bg2 Ne7 5. Nf3 Bg7 6. 0-0 0-0 7. d3 Nbc6 8. a3 d6 9. Rb1 a5 10. Ne1 Be6 11. Nc2 Qd7 12. b4 axb4 13. axb4 cxb4 14. Nxb4 Bh3 15. Nbd5 Bxg2 16. Kxg2 Nxd5 17. Nxd5 Ra2 18. Be3 f5 19. Qb3 Rxe2 20. Kf3 Na5 21. Qa3 Rxe3+ 22. fxe3 Nc6 23. Kg2 f4 24. exf4 exf4 25. Nxf4 Nd4 26. Qa2 Qc6+ 27. Nd5 Nf5 28. Rbe1 Bd4 29. Rf3 Kg7 30. Re4 Be5 31. Qf2 Ra8 32. g4 Nh6 33. Qe2 Rf8 34. Rxf8 Kxf8 35. Qf1+ Kg7 36. d4 Nf7 37. dxe5 dxe5 38. Qf2 Qe6 39. h3 Nd6 40. Qb6 h5 41. gxh5 gxh5 42. Re3 h4 43. Re4 Kf7 44. Rg4 Qh6 45. Qc7+ Ke6 46. Qe7+ Kf5 47. Qd7+ Qe6 48. Qh7+ 1-0

[Event "PRO League Stage"]
[Site "Chess.com INT"]
[Date "2017.02.15"]
[Round "6"]
[White "Kigigha, Bomo Lovet"]
[Black "Libiszewski, Fabien"]
[Result "0-1"]
[WhiteElo "2339"]
[BlackElo "2545"]
[PlyCount "94"]
[EventDate "2017.01.11"]
[EventType "team-swiss (rapid)"]
[EventRounds "7"]
[EventCountry "USA"]
[SourceTitle "CBM 176 Extra"]
[Source "ChessBase"]
[SourceDate "2017.03.02"]
[SourceVersion "1"]
[SourceVersionDate "2017.03.02"]
[SourceQuality "1"]
[WhiteTeam "Abuja Rockstars"]
[BlackTeam "Cannes Blockbusters"]
[WhiteTeamCountry "NGR"]
[BlackTeamCountry "FRA"]

1. c4 g6 2. g3 Bg7 3. Bg2 Nf6 4. Nf3 0-0 5. 0-0 b6 6. Nc3 Bb7 7. d3 d5 8. cxd5 Nxd5 9. Bd2 c5 10. a3 Nc6 11. Nxd5 Qxd5 12. Bc3 Nd4 13. Rb1 Rfd8 14. Bxd4 Bxd4 15. b4 Rac8 16. Qa4 cxb4 17. axb4 b5 18. Qd1 Bg7 19. Ne1 Qd7 20. Bxb7 Qxb7 21. Qb3 Rc3 22. Qa2 Rdc8 23. Rb3 Rc1 24. Rb1 R1c7 25. e3 h5 26. h4 Rd8 27. d4 e5 28. dxe5 Bxe5 29. Qe2 Qe4 30. Rb3 Qc4 31. Rd3 Rd6 32. Qd1 Rcd7 33. Rxd6 Rxd6 34. Qb1 Qe2 35. Qe4 Rd1 36. Qxe5 Rxe1 37. Rxe1 Qxe1+ 38. Kg2 Qxb4 39. Qb8+ Kg7 40. Qxa7 Qe4+ 41. Kf1 Qd3+ 42. Kg2 b4 43. Qc5 Qc3 44. Qb6 b3 45. e4 b2 46. Qb5 Qd4 47. e5 Qe4+ 0-1

[Event "PRO League Central"]
[Site "Chess.com INT"]
[Date "2017.02.01"]
[Round "4"]
[White "Kigigha, Bomo Lovet"]
[Black "Agrest, Inna"]
[Result "0-1"]
[WhiteElo "2339"]
[BlackElo "2273"]
[PlyCount "76"]
[EventDate "2017.01.11"]
[EventType "team-swiss (rapid)"]
[EventRounds "7"]
[EventCountry "USA"]
[SourceTitle "CBM 176 Extra"]
[Source "ChessBase"]
[SourceDate "2017.03.02"]
[SourceVersion "1"]
[SourceVersionDate "2017.03.02"]
[SourceQuality "1"]
[WhiteTeam "Abuja Rockstars"]
[BlackTeam "Stockholm Snowballs"]
[WhiteTeamCountry "NGR"]
[BlackTeamCountry "SWE"]

1. c4 Nf6 2. g3 g6 3. Bg2 Bg7 4. Nf3 0-0 5. 0-0 d6 6. Nc3 a6 7. d4 Nbd7 8. h3 Rb8 9. d5 c5 10. dxc6 bxc6 11. Nd4 Ne5 12. f4 Nxc4 13. Nxc6 Qb6+ 14. Kh2 Rb7 15. Qd3 d5 16. Nxd5 Nxd5 17. Qxc4 Ne3 18. Bxe3 Qxe3 19. Rf3 Qe6 20. Qxe6 Bxe6 21. Rb1 Rc8 22. Ra3 Bf6 23. Rxa6 Rd7 24. e4 Rd2 25. e5 Bd5 26. Rg1 Bxc6 27. exf6 exf6 28. Kh1 Bxg2+ 29. Rxg2 Rc1+ 30. Kh2 Rdd1 31. g4 Kg7 32. a4 Rf1 33. f5 Rcd1 34. Rc6 Rh1+ 35. Kg3 Rd3+ 36. Kf4 Rhxh3 37. fxg6 Rd4+ 38. Kf5 hxg6# 0-1